Osobitosti formovania zamestnanosti a príjmov v sektoroch s rôznou technologickou náročnosťou

Zisťovanie, či sofistikovanejšie činnosti majú lepšie parametre zamestnanosti a štruktúry príjmov ako iné odvetvia. Zhodnotenie poznatkovo náročných činností a ich dopad na vybrané parametre zamestnanosti a štruktúry príjmov.

Uložené v:
Podrobná bibliografia
Hlavný autor: Morvay, Karol, 1973-
Médium: Kapitola
Jazyk:Slovak
Predmet:
Tagy: Pridať tag
Žiadne tagy, Buďte prvý, kto otaguje tento záznam!

MARC

LEADER 00000nla a2200000 4500
001 0180731
005 20240502073104.7
041 0 |a slo 
044 |a SK 
245 1 0 |a Osobitosti formovania zamestnanosti a príjmov v sektoroch s rôznou technologickou náročnosťou  |c Karol Morvay 
520 |a Zisťovanie, či sofistikovanejšie činnosti majú lepšie parametre zamestnanosti a štruktúry príjmov ako iné odvetvia. Zhodnotenie poznatkovo náročných činností a ich dopad na vybrané parametre zamestnanosti a štruktúry príjmov. 
610 2 0 |a politika hospodárska 
610 2 0 |a situácia hospodárska 
610 2 0 |a sektory hospodárske 
610 2 0 |a náročnosť profesionálna 
610 2 0 |a porovnanie medzinárodné 
610 2 0 |a zamestnanosť 
610 2 0 |a príjmy 
100 1 |a Morvay, Karol, 1973-